00527 2200205 4500001002100000005001500021035002000036007000300056008004100059020001500100082001100115084001700126100001900143245006100162250001100223260004100234300002800275990000900303990000900312INLIS00000000001234920220629095412 a0010-0622000859ta220629 g 0 ind  a9793084162 a636.59 a636.59 ARI s0 aARIEF, budiman1 aSebab & solusi gedung walet kosong /cDrs. Arief Budiman acet. 1 aJakarta :bAgro Media Pustaka,c2001 aviii, 55 hlm ;c23,5 cm a557A a557B